000
00278nam a22001337a 4500
008
170306b xxu||||| |||| 00| 0 eng d
020
_a
9780801664144
041
_a
eng
080
_a
575
100
_a
6
101
_a
shm
245
_a
MEDICAL GENETICS
_c
JORDE
942
_2
udc
_c
BK
999
_c
6783
_d
6783